000 01089nam a2200265 4500
003 OSt
005 20260601171008.0
008 260417b1999\\\\mx\a||||\||||\00|\0\spa\d
020 _a9706542450
040 _aICI
_bspa
_cICI
050 _aHD9156.S8
_bM46
100 1 _aZamora Pérez, Alfonso,
_932638
245 1 _a Inventario crítico de las máquinas desfribadoras en México (1830-1890) :
_buna propuesta de documentación histórica y evaluación técnica para la investigación en diseño industrial /
_c Alfonso Zamora Pérez
264 _bUniversidad Autónoma Metropolitana, Azcapotzalco,
_c1999
_aMéxico, D.F. :
300 _a155 páginas
_b ilustraciones
336 _atexto
_2rdacontent
337 _asin medio
_2rdamedia
338 _avolumen
_2rdacarrier
490 _aColección: Libros de texto y manuales de práctica
650 _aMaquinaria defibradora
_xHistoria
_ySiglo XIX
_zMéxico
_932639
650 _aIndustria del henequen
_zMéxico
_932640
650 _aMaquinaria textil
_zMéxico
_932641
650 _aDiseño de máquinas
_z México
_932642
942 _2lcc
_cB
999 _c20377
_d20377